Statistics for Floristic Kingdoms on a World Map

Click here to take the quiz!

General Stats

  • This quiz has been taken 7 times
  • The average score is 4 of 6

Answers on the Map

Answers color-coded by a green-red scale on the quiz's map according to % correct below.
 

Answer Stats

Answer% Correct
Antarctic Kingdom
100%
Australian Kingdom
71%
Boreal Kingdom
57%
Neotropical Kingdom
57%
Paleotropical Kingdom
57%
South African Kingdom
57%

Score Distribution

Percentile by Number Answered

Percent of People with Each Score

Your Score History

You have not taken this quiz